Largest cities by first two letters - Statistics

General Stats
  • This quiz has been taken 47 times
    38 since last reset
  • The average score is 109 of 192
Answer Stats
Population (millions) Country City % Correct
Ad 5.2 Ethiopia Addis Ababa
100%
An 5.3 Turkey Ankara
100%
At 3.2 Greece Athens
100%
Bo 11.3 Colombia Bogota
100%
Dh 22.5 Bangladesh Dhaka
100%
Ed 1.5 Canada Edmonton
100%
Am 2.2 Jordan Amman
97%
Au 1.7 New Zealand Auckland
97%
Be 21.3 China Beijing
97%
Bi 2.6 United Kingdom Birmingham
97%
Br 4.8 Brazil Brasilia
97%
Bu 15.4 Argentina Buenos Aires
97%
Ca 21.8 Egypt Cairo
97%
Dj 0.6 Djibouti Djibouti
97%
Mi 3.1 Italy Milan
97%
Mo 12.6 Russia Moscow
97%
Ac 2.6 Ghana Accra
94%
As 3.5 Paraguay Asuncion
94%
De 32.1 India Delhi
94%
Ma 14.4 Philippines Manila
94%
Mu 21.0 India Mumbai
94%
Os 19.1 Japan Osaka
94%
Ot 1.4 Canada Ottawa
94%
Qu 1.9 Ecuador Quito
94%
Ro 4.3 Italy Rome
94%
Se 10.0 South Korea Seoul
94%
Sh 28.5 China Shanghai
94%
Si 6.0 Singapore Singapore
94%
Sk 0.6 North Macedonia Skopje
94%
So 1.3 Bulgaria Sofia
94%
Sy 5.1 Australia Sydney
94%
Te 9.4 Iran Tehran
94%
To 37.3 Japan Tokyo
94%
Zu 1.4 Switzerland Zurich
94%
Gl 1.7 United Kingdom Glasgow
90%
Gu 14.0 China Guangzhou
90%
Ho 9.1 Vietnam Ho Chi Minh City
90%
Jo 6.1 South Africa Johannesburg
90%
Ku 8.4 Malaysia Kuala Lumpur
90%
Li 11.0 Peru Lima
90%
Lo 9.5 United Kingdom London
90%
Ly 1.7 France Lyon
90%
Me 22.1 Mexico Mexico City
90%
Ne 8.2 United States New York City
90%
Pa 11.1 France Paris
90%
Py 3.1 North Korea Pyongyang
90%
Sa 22.4 Brazil Sao Paulo
90%
St 1.7 Sweden Stockholm
90%
Tr 1.2 Libya Tripoli
90%
Ul 1.6 Mongolia Ulaanbaatar
90%
Ag 2.3 India Agra
87%
Ba 13.2 India Bangalore
87%
Da 7.4 Tanzania Dar es Salaam
87%
Fe 1.3 Morocco Fes
87%
Fr 1.3 Sierra Leone Freetown
87%
Kh 6.2 Sudan Khartoum
87%
Ri 13.6 Brazil Rio de Janeiro
87%
Tb 1.1 Georgia Tbilisi
87%
Tu 2.4 Tunisia Tunis
87%
Va 2.6 Canada Vancouver
87%
Wa 1.8 Poland Warsaw
87%
Wu 8.6 China Wuhan
87%
Al 5.5 Egypt Alexandria
84%
Dr 0.6 Germany Dresden
84%
Du 3.2 South Africa Durban
84%
Je 1.0 Saudi Arabia Jeddah
84%
Ki 15.6 DR Congo Kinshasa
84%
Ko 15.1 India Kolkata
84%
Pr 2.7 South Africa Pretoria
84%
Ab 5.5 Ivory Coast Abidjan
81%
El 0.7 United States El Paso
81%
Ja 11.1 Indonesia Jakarta
81%
La 15.4 Nigeria Lagos
81%
Lu 9.0 Angola Luanda
81%
Lv 0.7 Ukraine Lviv
81%
Na 9.6 Japan Nagoya
81%
N- 1.5 Chad N'Djamena
77%
Nu 0.5 Germany Nuremberg
77%
Ph 2.2 Cambodia Phnom Penh
77%
Xi 8.5 China Xi'an
77%
Ah 8.5 India Ahmedabad
74%
Fu 5.5 Japan Fukuoka
74%
Hy 10.5 India Hyderabad
74%
Is 15.6 Turkey Istanbul
74%
Ka 16.8 Pakistan Karachi
74%
Uf 1.1 Russia Ufa
74%
Ce 1.0 Philippines Cebu City
71%
Ch 16.9 China Chongqing
71%
Hi 2.1 Japan Hiroshima
71%
Iz 3.1 Turkey Izmir
71%
No 1.7 Russia Novosibirsk
71%
Om 1.2 Russia Omsk
71%
Ti 14.0 China Tianjin
71%
Wi 0.8 Canada Winnipeg
71%
Wr 0.6 Poland Wroclaw
71%
Ya 5.5 Myanmar Yangon
71%
Or 0.9 Algeria Oran
68%
Ou 3.1 Burkina Faso Ouagadougou
68%
Pu 7.0 India Pune
68%
Qo 1.3 Iran Qom
68%
Re 4.2 Brazil Recife
68%
Ut 0.6 Netherlands Utrecht
68%
Dn 0.9 Ukraine Dnipro
65%
Er 0.9 Iraq Erbil
65%
Fa 3.6 Pakistan Faisalabad
65%
Ra 2.3 Pakistan Rawalpindi
65%
Bh 2.5 India Bhopal
61%
Ur 4.7 China Urumqi
61%
Po 4.2 Brazil Porto Alegre
58%
Ha 8.0 China Hangzhou
55%
Ir 0.6 Russia Irkutsk
55%
Od 1.0 Ukraine Odesa
55%
Vl 0.6 Russia Vladivostok
55%
Ye 1.5 Russia Yekaterinburg
55%
Cu 3.8 Brazil Curitiba
52%
Ib 3.8 Nigeria Ibadan
52%
Pe 2.3 Pakistan Peshawar
52%
Su 7.8 India Surat
52%
Qi 5.9 China Qingdao
48%
Oa 0.7 Mexico Oaxaca de Juarez
45%
Ga 1.8 Turkey Gaziantep
42%
He 4.5 China Hefei
42%
Bl 1.0 Malawi Blantyre
39%
Es 2.2 Iran Esfahan
39%
Ji 5.7 China Jinan
39%
Kr 1.2 Russia Krasnoyarsk
39%
My 1.3 India Mysore
39%
Zh 5.7 China Zhengzhou
39%
In 3.2 India Indore
35%
Le 1.9 Mexico Leon de los Aldamas
35%
Ve 0.9 Mexico Veracruz
35%
Do 7.5 China Dongguan
32%
Fo 7.5 China Foshan
32%
Go 2.8 Brazil Goiania
32%
Vo 1.1 Russia Voronezh
32%
We 3.8 China Wenzhou
29%
Co 2.9 India Coimbatore
26%
Ni 4.4 China Ningbo
26%
Ta 4.1 China Taiyuan
26%
Zi 2.7 China Zibo
26%
Di 1.1 Turkey Diyarbakir
23%
Mb 2.8 DR Congo Mbuji-Mayi
23%
Vi 2.3 India Visakhapatnam
23%
En 0.8 Nigeria Enugu
19%
Fl 1.3 Brazil Florianopolis
19%
On 1.6 Nigeria Onitsha
19%
Ry 0.5 Russia Ryazan
19%
Ty 0.9 Russia Tyumen
19%
Ci 1.7 China Cixi
16%
Gw 1.5 South Korea Gwangju
16%
Il 1.0 Nigeria Ilorin
16%
Mw 1.2 Tanzania Mwanza
16%
Sr 1.7 India Srinagar
16%
Im 0.6 India Imphal
13%
Ok 0.7 Japan Okayama
13%
Tl 0.6 Mexico Tlaxcala
13%
Ud 0.6 India Udaipur
13%
Ar 1.0 Brazil Aracaju
10%
Ke 1.1 Iran Kermanshah
10%
Ub 0.7 Brazil Uberlandia
10%
Xa 0.8 Mexico Xalapa
10%
Xu 2.2 China Xuzhou
10%
Aj 0.6 India Ajmer
6%
Ak 0.7 Nigeria Akure
6%
Ez 0.7 China Ezhou
6%
Fi 0.9 India Firozabad
6%
Ip 0.8 Malaysia Ipoh
6%
Nd 0.6 Zambia Ndola
6%
Ny 1.0 Sudan Nyala
6%
Uj 0.6 India Ujjain
6%
Uy 1.3 Nigeria Uyo
6%
Yi 1.7 China Yinchuan
6%
Hu 2.9 China Huaian
3%
Jh 0.7 India Jhansi
3%
Nn 1.2 Nigeria Nnewi
3%
Pi 1.2 China Pingdingshan
3%
Ru 1.2 China Ruian
3%
Th 3.4 India Thrissur
3%
Um 0.9 Nigeria Umuahia
3%
Yo 1.1 South Korea Yongin
3%
Ek 4.0 South Africa Ekurhuleni
0%
Ge 0.8 Turkey Gebze
0%
Gr 2.1 Brazil Grande Vitoria
0%
Ik 1.0 Nigeria Ikorodu
0%
Ju 0.7 Brazil Jundiai
0%
Og 0.6 Nigeria Ogbomosho
0%
Ow 0.9 Nigeria Owerri
0%
Ts 1.0 DR Congo Tshikapa
0%
Ui 0.6 Angola Uige
0%
Uv 0.7 DR Congo Uvira
0%
Yu 1.1 China Yueqing
0%
Za 1.1 China Zaozhuang
0%
No matching quizzes found
Score Distribution
Percent of People with Each Score
Percentile by Number Answered
Your Score History
You have not taken this quiz since the last reset